000 01181nam0a2200301 4500
001 RU\NLR\BIBL_A\012075628
005 20190828110751.0
010 _a978-5-17-116870-4
_95000
021 _aRU
_bКН-П-19-051550
_9КН-П-19-3729
035 _a(NLR Aleph) 012075628
035 _a(RuMoRGB)010036414
090 _a11777474
_c11777474
100 _a20190814d2019 u y0rusy50 ca
101 1 _arus
_cfre
102 _aRU
105 _ay z 000zy
200 1 _aМаленький принц
_eсборник
_e[перевод с французского]
_fАнтуан де Сент-Экзюпери
210 _aМосква
_cАСТ
_d2019
215 _a478 с.
_d21
225 1 _aЛучшая мировая классика
327 1 _aСодерж.: Южный почтовый; Ночной полет; Планета людей; Военный летчик; Маленький принц
686 1 _aШ6(4Фр)67-440.4{Лх1648-45}
700 1 _aСент-Экзюпери
_bА. де
_f1900-1944
_gАнтуан де
_3RU\NLR\auth\777344
942 _cBOOK
980 _aNBR
980 _aNB